000 01200cam a2200289 i 4500
003 SA-RiAUC
005 20250522045239.0
008 250521s1990 sy g b 000r0 ara c
040 _aSA-RiAUC
_bara
_cSA-RiAUC
_erda
082 0 4 _a251.12
_qSA-RiAUC
090 _a251.12
_bر ح ي
100 1 _aالرحيلي، عبد الله بن ضيف الله راجح،
_d1372 هجري-
_eمؤلف.
245 1 0 _aدعوة إلى السنة في تطبيق السنة منهجا وأسلوبا /
_cبقلم عبد الله بن ضيف الله الرحيلي.
250 _aالطبعة الأولى.
264 1 _aدمشق :
_aبيروت :
_bدار القلم ؛
_bالدار الشامية،
_c1990
300 _a120 صفحة ؛
_c24 سم.
336 _aنص
_btxt
_2rdacontent
_3كتاب
337 _aبدون وسيط
_bn
_2rdamedia
338 _aمجلد
_bnc
_2rdacarrier
490 0 _aدراسات منهجية ؛
_v1
504 _aببليوجرافية : صفحة 115-117.
650 7 _aالسنة
_2aucsh
650 7 _aأصول الفقه الإسلامي
_2aucsh
650 7 _aالحديث
_xجوامع الفنون
_2aucsh
942 _2ddc
_cBOOK
_n0
949 _aSA-JeALM
_d250521
_umohamedma123
_n1
999 _c8223
_d8223